000 00624nam a2200205 i 4500
001 106058
003 ES-MaACL
007 t|
008 060925s1958 ag ||||1| spa d
080 _a821.134.2(82)-31"19"
100 1 _aGori, Gastón.
_959179
245 1 3 _aEl desierto tiene dueño
_b: novela /
_cGastón Gori.
260 _aBuenos Aires :
_bDoble p,
_c[1958]
300 _a241 p. ;
_c18 cm.
490 1 _aGrandes escritores argentinos ;
_v19
500 _aBiblioteca Juan Andrade.
830 0 _aGrandes escritores argentinos ;
_v19
_9185156
852 _aES-MaACL
_jAND-832
_bR.110124
999 _c106058
_d106058